Statistiken für Kennzeichen in Saarland

Klicken Sie hier um das Quiz zu spielen!

Allgemein

  • Dieses Quiz wurde 121 mal gespielt
  • Das Durchschnittsergebnis liegt bei 8 aus 9

Antwortstatistiken

HintAntwort% Korrekt
SBSaarbrücken
99%
HOMHomburg
98%
SLSSaarlouis
89%
NKNeunkirchen
87%
VKVölklingen
82%
MZGMerzig
80%
IGBSt. Ingbert
74%
OTWOttweiler
72%
WNDSt. Wendel
72%

Verteilung der Resultate

Perzentil nach korrekt beantworteten Fragen

Anzahl Personen mit jedem Resultat

Ihre Resultats-Entwicklung

Sie haben dieses Quiz noch nicht gespielt